[Event "Mechanics' Summer TNM; G/2 d5"]
[Site "San Francisco"]
[Date "2017.06.27"]
[Round "6.2"]
[White "O'Connor, Derek"]
[Black "Winslow, Elliott C"]
[Result "1-0"]
[WhiteElo "2270"]
[BlackElo "2291"]
[Annotator "Winslow,E"]
[PlyCount "87"]
[EventDate "2017.??.??"]

1. d4 Nf6 2. Nf3 g6 3. g3 Bg7 4. Bg2 O-O 5. O-O d6 6. c4 Nbd7 7. Nc3 e5 8. e4
c6 9. h3 Qb6 10. Re1 (10. c5) (10. d5 Nc5 11. Ne1 $5 {anyone can do it} cxd5
12. cxd5 Nfd7) 10... Ne8 $5 {Over the board inspiration, as the hackneyed note
goes. And rare, like 31 games out of 918 games in Mega 2017.} (10... exd4 {
MUCH more common} 11. Nxd4 {I'm surprised to see that But again,} Ne8 $5 {
is the most popular *and* best-scoring move in the database! Although White
does prettywellwith} (11... Re8 {is the "main move" and what Kotronias has
Black play in his King's Indian Fianchetto Systems opus, when White has:} 12.
Re2 (12. Rb1 $6) (12. Nb3) (12. Nde2) (12. Na4) (12. Nc2)) 12. Nb3 a5 13. Be3
Qb4 14. Nd4 $1) (10... Re8 11. d5 {
is the standard "take advantage of . ..Re8" method.}) 11. d5 (11. Na4 $5) 11...
c5 {Thematic,} (11... f5 $5 {but I'm very wary of allowing Ng5}) 12. Qc2 (12.
Rb1 h6 13. b4 cxb4 14. a3 b3 15. Rxb3 Qd8 16. a4 f5 17. Ba3 b6 18. a5 Nc5 19.
Bxc5 bxc5 20. Nh4 Kh7 21. Qb1 Rf7 22. exf5 gxf5 23. Bf3 Qg5 24. Kh2 Kg8 25. Ng2
Bd7 26. h4 Qd2 27. Re2 Qd4 28. Bh5 Rf8 29. Ne3 Nf6 30. Nxf5 Bxf5 31. Qxf5 Nxh5
32. Qxh5 Rxf2+ 33. Kh3 Rf1 34. Rb7 Rh1+ 35. Rh2 Rxh2+ 36. Kxh2 Rf8 37. Qg6 {
1-0 (37) Sisniega,M (2455) -Alzate,D (2350) Havana 1983}) (12. Bd2 Qd8 13. Re2
f6 14. Qc2 Rf7 15. Rf1 Nf8 16. Ne1 f5 17. f4 exf4 18. Bxf4 Bd4+ 19. Kh2 g5 20.
Be3 Bxe3 21. Rxe3 f4 22. gxf4 gxf4 23. Ref3 Ng6 24. Nd3 Qh4 25. Qf2 Qxf2 26.
R1xf2 Ne5 27. Rxf4 Rxf4 28. Nxf4 Nxc4 29. Nh5 Bd7 30. Kg3 Ne5 31. Kh4 b5 32.
Bf1 b4 33. Nd1 c4 34. Ne3 Rc8 35. Ng3 c3 36. b3 Ng7 37. Nc2 a5 38. Ne2 Re8 39.
Bg2 Nd3 40. Rf1 Nf5+ 41. Kg5 h6+ 42. Kg6 Nh4+ 43. Kxh6 Nxg2 44. Rf3 Nge1 45.
Rg3+ Kf8 {0-1 (45) Gutman,L (2475)-Benjamin,J (2255) London 1987}) 12... Qd8
13. Bd2 (13. Be3 h6 14. g4 Nb6 15. Nd2 f5 16. f3 f4 17. Bf2 Bf6 18. a3 Bh4 19.
Rf1 Nd7 20. b4 Bxf2+ 21. Rxf2 b6 22. Na4 Rf7 23. Rb1 Qc7 24. b5 Qd8 25. Nc3 Nc7
26. a4 Ne8 27. Ra1 Bb7 28. a5 Nef6 29. Nb3 Rf8 30. Qb1 Nh7 31. Rfa2 h5 32. axb6
axb6 33. Rxa8 Bxa8 34. Ra7 hxg4 35. hxg4 Qc8 36. Kf2 Rf7 37. Qh1 Ng5 38. Qh6
Qd8 39. Qxg6+ Rg7 40. Qxd6 Nf7 41. Qe6 Nf8 42. Rxa8 Qxa8 43. Qxb6 Qa3 44. Qxc5
Qxb3 45. Ne2 Rg6 {0-1 (45) Kecskes,G (2255)-Lagrotteria,S (2240) Budapest 1991}
) 13... h6 14. Re2 {Quite unexpected} Nb6 {
I am unable to explain why I felt I need this move.} 15. b3 f5 16. exf5 gxf5 (
16... Bxf5 17. Qc1 g5 18. h4 g4 19. Nh2 Qf6 20. Be4 $16 {
says Stockfish, but it likes everything for White in this opening...}) 17. Rae1
Qf6 {inexplicable} 18. Nh4 Bd7 19. Kh2 {Another move I didn't see coming} Nc8
20. a4 ({Stockfish really likes} 20. f4 exf4 21. Qd3 {Yow!}) 20... a6 21. Nd1 (
21. a5 b5 22. axb6 Nxb6 {
when the computer see all sorts of piece sacrifices for White:} 23. Rf1 (23.
Ne4 Qd8 24. Nxc5 dxc5 25. Ng6) 23... a5 24. f4 e4 25. Nxe4) 21... b5 22. a5 $6
(22. f4 e4 23. Nc3) 22... Ne7 {Now nothing for White} 23. Bc3 Ng6 24. f4 $2 (
24. Nxg6 Qxg6 25. f4 e4 26. Bxg7 Nxg7) 24... Nxf4 25. Rxe5 $4 {
Interesting, but losing} (25. gxf4 Qxh4 26. fxe5 dxe5 27. Bxe5 f4) 25... Nxg2
$4 {Also interesting, but} ({stronger turns out to be} 25... dxe5 26. Bxe5 {
and **now**} Nxg2 $1 (26... Qf7 27. gxf4 {is winning for White}) 27. Bxf6 $6 (
27. Kxg2) (27. Qxg2) (27. Nxg2 {all leave Black up a rook}) 27... Nxe1 28. Qd2
Nxf6 29. Qxe1 Rae8 {is crushing.}) 26. Rxe8 Nxe1 27. Rxe1 Qf7 (27... Qg5 {
is solidly better}) 28. Rf1 Rae8 29. Rf2 Bxc3 30. Nxc3 Re3 (30... Qh5) (30...
Qg7) (30... bxc4 31. bxc4 Qg7 (31... Qh5)) (30... Qf6) 31. Ne2 (31. Ng2) 31...
Qe8 (31... bxc4 32. bxc4 Rb8) 32. Nf4 Qe4 33. Qd2 Qd4 (33... Rxb3 34. Re2 Qxc4
{is a wipeout}) 34. Qc1 (34. Qxd4 cxd4 35. cxb5 axb5 36. Kg2 Rxb3) 34... Qc3 $6
(34... Rxb3) 35. Qg1 (35. Qxc3 Rxc3 36. cxb5 Bxb5) 35... Kh7 $6 (35... Re1 36.
Qg2 bxc4) 36. cxb5 Re1 (36... axb5 37. Qg2 Qxb3 38. a6 Rf7 39. a7 Qa4 40. Ra2
Ra3 41. Rxa3 Qxa3 42. g4 Qxa7 43. g5 Rg7 44. g6+ Kg8 45. Qb2 Qa4 46. Nh5 Qd4)
37. Qg2 axb5 $6 (37... Bxb5) 38. Ne6 Rf7 39. a6 Qa1 $2 ({I was afraid to play} 
39... Bxe6 40. dxe6 Rxe6 41. Qb7 Rxb7 42. axb7 {
when I managed to completely overlook} Re8 {completely winning}) 40. Nxf5 (40.
Re2) 40... Qxa6 $6 (40... b4 {*still* pretty good}) 41. Ra2 $16 Qb6 $2 42. Qd2
Rxf5 43. Qxe1 Qb7 44. Nf4 $6 {Black's flag} (44. Qb1 Qxd5 45. Nf4 Qc6 46. g4
Qf3 47. Ng2) (44. Nd8 Qxd5 45. Qe7+ Kh8 46. Qxd7) (44. Nf4 Rf7 45. Qe3 Bf5 46.
Re2 Rf8 47. g4 Bg6 $14) 1-0

[Event "Mechanics' Spring TNM; G/2"]
[Site "San Francisco"]
[Date "2017.05.02"]
[Round "8.18"]
[White "Ochoa, Jason"]
[Black "Crofts, Jacob"]
[Result "1-0"]
[WhiteElo "1800"]
[BlackElo "1380"]
[PlyCount "47"]
[EventDate "2017.??.??"]

1. c4 Nf6 2. Nf3 e6 3. g3 b6 4. Bg2 Bb7 5. O-O Be7 6. b3 O-O 7. Bb2 c5 8. Nc3
Nc6 9. e3 d5 10. cxd5 Nxd5 11. Nxd5 Qxd5 12. d4 Qf5 13. Rc1 Rab8 14. dxc5 Rfd8
15. Qe2 Bxc5 16. Nh4 Qg5 17. Bxc6 Bxc6 18. b4 Qd5 19. e4 Qd2 20. Qxd2 Rxd2 21.
Be5 Bd6 22. Bxd6 Rxd6 {Diagram [#]} 23. e5 Rd2 24. Rxc6 {
and White went on to win} 1-0

[Event "Mechanics' Summer TNM; G/2 d5"]
[Site "San Francisco"]
[Date "2017.06.06"]
[Round "3.5"]
[White "Ochoa, Jason"]
[Black "Fuentes, Romulo C"]
[Result "0-1"]
[WhiteElo "1800"]
[BlackElo "2206"]
[PlyCount "75"]
[EventDate "2017.??.??"]

1. c4 e5 2. g3 Nc6 3. Bg2 d6 4. Nc3 Be6 5. b3 Be7 6. Bb2 Qd7 7. Nf3 Bh3 8. O-O
h5 9. Nd5 O-O-O 10. Nxe7+ Ngxe7 11. Bxh3 Qxh3 12. Ng5 Qf5 13. h4 Ng6 14. e4 Qd7
15. Qf3 f6 16. Qf5 Qxf5 17. exf5 fxg5 18. fxg6 gxh4 19. gxh4 Rh6 20. Kh2 Rf8
21. f4 Rxf4 22. Rxf4 exf4 23. Rg1 Ne7 24. Bxg7 Rxg6 25. d4 Kd7 26. d5 Rxg1 27.
Kxg1 c6 28. dxc6+ bxc6 29. Kf2 Ke6 30. Bh6 Ng6 31. Bg5 d5 32. cxd5+ Kxd5 33.
Kf3 Ke5 34. Bd8 Kf5 35. b4 Ne5+ 36. Kg2 Kg4 37. a4 a6 38. Be7 0-1

[Event "Mechanics' Summer TNM; G/2 d5"]
[Site "San Francisco"]
[Date "2017.06.20"]
[Round "5.27"]
[White "Ochoa, Jason"]
[Black "McEnroe, Glenn"]
[Result "0-1"]
[WhiteElo "1800"]
[BlackElo "1511"]
[PlyCount "94"]
[EventDate "2017.??.??"]

1. Nf3 Nf6 2. c4 g6 3. b3 Bg7 4. Bb2 O-O 5. g3 d6 6. Bg2 c5 7. O-O Nc6 8. Nc3
e6 9. d3 Rb8 10. Qd2 a6 11. Rfd1 Nd4 12. e3 Nxf3+ 13. Bxf3 b5 14. cxb5 axb5 15.
a4 b4 16. Ne2 Bb7 17. e4 e5 18. Bg2 Bc8 19. h3 Be6 20. Qc2 Qd7 21. Kh2 Rfc8 22.
Bc1 Qc6 23. Be3 d5 24. Rac1 d4 25. Bg5 h6 26. Bd2 Qa6 27. f4 Nd7 28. fxe5 Bxe5
29. Bxh6 Qd6 30. Bf4 Kg7 31. Bxe5+ Nxe5 32. Nf4 Bd7 33. Rf1 Rh8 34. Qxc5 Qxc5
35. Rxc5 Ng4+ 36. Kg1 Ne3 37. Rf2 Rbc8 38. Rxc8 Rxc8 39. Ne2 Nc2 40. e5 Be6 41.
Nc1 Ne3 42. Na2 Bxb3 43. Nxb4 Bxa4 44. Bd5 Rc1+ 45. Kh2 Nxd5 46. Nxd5 Bc6 47.
e6 fxe6 0-1

[Event "Mechanics' Spring TNM; G/2"]
[Site "San Francisco"]
[Date "2017.03.28"]
[Round "3.25"]
[White "Ochoa, Jason"]
[Black "Simpkins, Jerry"]
[Result "1-0"]
[WhiteElo "1800"]
[BlackElo "1513"]
[PlyCount "103"]
[EventDate "2017.??.??"]

1. c4 e5 2. g3 f5 3. Bg2 e4 4. d3 Nf6 5. Nc3 Bb4 6. Bg5 O-O 7. e3 d6 8. Nge2
Be6 9. O-O c6 10. Nf4 Bf7 11. Qc2 h6 12. Bxf6 Qxf6 13. Rfd1 g5 14. Nfe2 Na6 15.
b3 Nc5 16. dxe4 fxe4 17. Nxe4 Nxe4 18. Bxe4 Bh5 19. Rf1 Bf3 20. Bxf3 Qxf3 21.
Qg6+ Kh8 22. Qxh6+ Kg8 23. Qxg5+ Kh8 24. Nf4 Rf7 25. Qh6+ Kg8 26. Qg6+ Rg7 27.
Qe6+ Kh7 28. Qf5+ Kg8 29. Qe6+ Kh7 30. Qh3+ Kg8 31. Rad1 Re8 32. Qg2 Qg4 33.
Rd4 Bc5 34. Re4 Rge7 35. Rxe7 Rxe7 36. Qh3 Qf3 37. Qh5 Qe4 38. Qg6+ Kf8 39.
Qxe4 Rxe4 40. Nd3 Kg7 41. Kg2 Bb6 42. Kf3 d5 43. cxd5 cxd5 44. Nf4 Re5 45. Rd1
d4 46. exd4 Ra5 47. a4 Kf6 48. d5 Ke5 49. h4 Ra6 50. Re1+ Kf5 51. Re6 Bc7 52.
g4# 1-0

[Event "Mechanics' Spring TNM; G/2"]
[Site "San Francisco"]
[Date "2017.04.18"]
[Round "6.9"]
[White "Ochoa, Jason"]
[Black "Tracy, Joseph J"]
[Result "0-1"]
[WhiteElo "1800"]
[BlackElo "2142"]
[PlyCount "90"]
[EventDate "2017.??.??"]

1. c4 Nf6 2. Nf3 g6 3. b4 Bg7 4. Bb2 O-O 5. g3 c6 6. Bg2 a5 7. a3 axb4 8. axb4
Rxa1 9. Bxa1 Qb6 10. Bc3 Ne4 11. O-O Nxc3 12. dxc3 d6 13. Qc2 c5 14. b5 Qa5 15.
Nfd2 Nd7 16. Nb3 Qc7 17. N1d2 Nb6 18. Ra1 Bf5 19. e4 Be6 20. Qd3 Ra8 21. Rxa8+
Nxa8 22. f4 Nb6 23. f5 Bc8 24. Kf1 Na4 25. Nb1 b6 26. Qc2 Qa7 27. Nc1 Bb7 28.
g4 Be5 29. h4 Qa5 30. Ne2 Bf6 31. g5 Be5 32. fxg6 hxg6 33. Bf3 Qa8 34. Nd2 Kg7
35. Bg2 Kg8 36. Kf2 Bc8 37. Bf3 Bh3 38. h5 gxh5 39. Bxh5 Be6 40. g6 f6 41. Qc1
Kg7 42. Nf3 Qxe4 43. Qh1 Nxc3 44. Nxc3 Bxc3 45. Bg4 Bd4+ 0-1

[Event "Mechanics' Summer TNM; G/2 d5"]
[Site "San Francisco"]
[Date "2017.05.30"]
[Round "2.7"]
[White "Ochoa, Jason"]
[Black "Vickers, Keith"]
[Result "1-0"]
[WhiteElo "1800"]
[BlackElo "2200"]
[PlyCount "81"]
[EventDate "2017.??.??"]

1. Nf3 f5 2. c4 Nf6 3. g3 e6 4. Bg2 d5 5. O-O Bd6 6. Nc3 O-O 7. cxd5 exd5 8. d3
c6 9. Bg5 h6 10. Bxf6 Qxf6 11. Qb3 Nd7 12. d4 Qe6 13. Nd2 Nf6 14. Rae1 Kh8 15.
Nf3 Qf7 16. Ne5 Bxe5 17. dxe5 Ng4 18. f4 Ne3 19. Rf3 Nxg2 20. Kxg2 Be6 21. Qb4
a5 22. Qc5 Qc7 23. Na4 b5 24. Nc3 d4 25. Nxb5 Qd7 26. Nxd4 Bd5 27. e6 Qa7 28.
Qxa7 Rxa7 29. Kf2 Bxf3 30. exf3 c5 31. Nxf5 Re8 32. Nd6 Rb8 33. b3 a4 34. e7
axb3 35. e8=Q+ Rxe8 36. Rxe8+ Kh7 37. axb3 Ra3 38. Rb8 Ra2+ 39. Ke3 Rxh2 40.
Ne4 Rg2 41. Rb5 1-0

[Event "Mechanics' Spring TNM; G/2"]
[Site "San Francisco"]
[Date "2017.03.14"]
[Round "1.20"]
[White "Odgerel, Byambatse"]
[Black "Nassif, Wassim"]
[Result "0-1"]
[WhiteElo "851"]
[BlackElo "1135"]
[PlyCount "32"]
[EventDate "2017.??.??"]

1. e4 e5 2. Nf3 Nc6 3. Nc3 Bc5 4. Bc4 Nf6 5. d3 Ng4 6. Bg5 Ne7 7. d4 exd4 8.
Nxd4 d6 9. Bb5+ c6 10. Nxc6 bxc6 11. Bxc6+ Kf8 12. Bxa8 Nxf2 13. Qf3 Nxh1 14.
Kd2 Nf2 15. Nb5 Bg4 16. Qf4 Qxa8 {Remaining moves unavailable.} 0-1

[Event "Mechanics' Summer TNM; G/2 d5"]
[Site "San Francisco"]
[Date "2017.06.06"]
[Round "3.45"]
[White "Odgerel, Byambatsetseg"]
[Black "Mines, Joshua"]
[Result "0-1"]
[WhiteElo "841"]
[BlackElo "1446"]
[PlyCount "28"]
[EventDate "2017.??.??"]

1. e4 c5 2. Nf3 Nc6 3. Nc3 d6 4. Bb5 a6 5. Bxc6+ bxc6 6. O-O e5 7. d3 Nf6 8. a3
Be7 9. Ne2 Bg4 10. Ng3 a5 11. c3 Nh5 12. Qa4 Nxg3 13. Qxc6+ $4 Bd7 14. Qd5 Nxf1
{and Black went on to win.} 0-1

[Event "Mechanics' Fall TNM; G/2 d5"]
[Site "San Francisco"]
[Date "2017.11.07"]
[Round "3.52"]
[White "Olson, David R"]
[Black "Badgett Jr, James"]
[Result "0-1"]
[WhiteElo "1400"]
[BlackElo "974"]
[PlyCount "58"]
[EventDate "2017.??.??"]

1. e4 c5 2. Bc4 a6 3. Nf3 d6 4. Bxf7+ Kxf7 5. Ng5+ Ke8 6. Qf3 Nf6 7. O-O h6 8.
Nh3 Nc6 9. c3 Ne5 10. Qe2 Bg4 11. f3 Bxh3 12. gxh3 Nh5 13. d4 cxd4 14. cxd4 Nc6
15. Be3 Qb6 16. Rd1 Rc8 17. d5 Nf4 18. Qd2 Qb4 19. Bxf4 Qxd2 20. Nxd2 Nd4 21.
Kf2 g5 22. Rac1 Rxc1 23. Rxc1 gxf4 24. Rc7 b5 25. Ra7 Bg7 26. b3 Nc2 27. Rxa6
Rg8 28. Ke2 Kf7 29. Kd3 Nb4+ 0-1

[Event "Mechanics' Peter Grey TNM; G/2 d5"]
[Site "San Francisco"]
[Date "2017.09.26"]
[Round "8.43"]
[White "Olson, David R"]
[Black "Badgett Jr, James"]
[Result "0-1"]
[WhiteElo "1400"]
[BlackElo "918"]
[PlyCount "40"]
[EventDate "2017.??.??"]

1. e4 c5 2. Nf3 g6 3. Bc4 Bg7 4. Ng5 e6 5. O-O Qxg5 6. d4 Qe7 7. d5 Nf6 8. e5
Nxd5 9. Bxd5 exd5 10. Qxd5 Nc6 11. f4 Nb4 12. Qc4 d6 13. Bd2 dxe5 14. Nc3 Be6
15. Qe4 Rd8 16. Rad1 Bf5 17. Qf3 Bxc2 18. a3 Bxd1 19. Rxd1 Nc2 20. f5 Nd4 0-1

[Event "Mechanics' Peter Grey TNM; G/2 d5"]
[Site "San Francisco"]
[Date "2017.08.22"]
[Round "3.45"]
[White "Olson, David R"]
[Black "Baer, Michael"]
[Result "0-1"]
[WhiteElo "1400"]
[BlackElo "1354"]
[PlyCount "76"]
[EventDate "2017.??.??"]

1. e4 c5 2. Nf3 d6 3. Bb5+ Nd7 4. Nc3 a6 5. Be2 g6 6. O-O Bg7 7. d4 cxd4 8.
Nxd4 Ngf6 9. f4 O-O 10. Be3 Nc5 11. Bf3 Qc7 12. Qd2 Ng4 13. Bxg4 Bxg4 14. h3
Bd7 15. Nd5 Qd8 16. f5 Nxe4 17. Qd3 Nf6 18. Nf4 Qc8 19. Nfe2 Nd5 20. Bd2 Nf6
21. c3 b5 22. Rae1 Qb7 23. Ng3 Rae8 24. Rf2 Bc8 25. Bc1 Qd5 26. a3 Nd7 27. Qd1
Ne5 28. Rd2 Qb7 29. h4 h5 30. Nxh5 gxh5 31. Qxh5 e6 32. Re3 exf5 33. Rg3 Qe4
34. Re2 Qb1 35. Qh6 Ng4 36. Qg5 Rxe2 37. Nxe2 Qc2 38. Kf1 Qd1# 0-1

[Event "Mechanics' Winter TNM; G/2"]
[Site "San Francisco"]
[Date "2017.01.31"]
[Round "5.42"]
[White "Olson, David R"]
[Black "Boldi, Nicholas"]
[Result "1/2-1/2"]
[WhiteElo "1400"]
[BlackElo "1202"]
[PlyCount "44"]
[EventDate "2017.??.??"]

1. Nf3 Nc6 2. c4 e5 3. Nc3 d6 4. g3 Nf6 5. Bg2 Be6 6. e3 Bxc4 7. d3 Be6 8. O-O
Be7 9. Ng5 Bc8 10. b3 a6 11. Bb2 h6 12. Nf3 Be6 13. Rc1 Qd7 14. Ne4 O-O-O 15.
d4 Bxb3 16. Nxf6 Bxd1 17. Nxd7 Bxf3 18. Bxf3 Rxd7 19. Bg4 Bg5 20. Bxd7+ Kxd7
21. Rcd1 Re8 22. d5 Na7 1/2-1/2

[Event "Mechanics' Winter TNM; G/2"]
[Site "San Francisco"]
[Date "2017.02.21"]
[Round "8.32"]
[White "Olson, David R"]
[Black "Brown, Nicholas M"]
[Result "0-1"]
[WhiteElo "1400"]
[BlackElo "1528"]
[PlyCount "52"]
[EventDate "2017.??.??"]

1. c4 c6 2. Nf3 Nf6 3. g3 d5 4. c5 $2 Bf5 5. Bg2 e6 6. b4 Be7 7. O-O O-O 8. Nc3
a5 9. b5 Bxc5 10. a4 Nbd7 11. d4 Bd6 12. Rb1 $2 c5 (12... Bxb1) 13. Rb2 cxd4
14. Nxd4 Bg6 15. Bg5 Be5 16. Rb3 Rc8 17. e3 Rc4 18. f4 Bxd4 19. exd4 Qc7 20.
Ne2 Bc2 21. Qe1 Bxb3 22. f5 e5 23. dxe5 Qxe5 24. Bf4 Rxf4 25. Rxf4 Re8 26. Bf3
Bc4 0-1

[Event "Mechanics' Peter Grey TNM; G/2 d5"]
[Site "San Francisco"]
[Date "2017.08.29"]
[Round "4.46"]
[White "Olson, David R"]
[Black "Canessa, Kate"]
[Result "1-0"]
[WhiteElo "1400"]
[BlackElo "104"]
[PlyCount "49"]
[EventDate "2017.??.??"]

1. e4 e5 2. Nf3 Bd6 3. Bc4 Nh6 4. Nc3 c6 5. d4 Qe7 6. Bxh6 gxh6 7. Qd2 Qf6 8.
O-O-O Bb4 9. dxe5 Qe7 10. Kb1 b5 11. Bb3 a5 12. a3 a4 13. Ba2 Bxa3 14. Ka1 Na6
15. bxa3 b4 16. Nxa4 bxa3 17. Qd6 Qd8 18. Qf6 Rf8 19. Nd4 Nb4 20. Qxd8+ Kxd8
21. Bb3 c5 22. Nxc5 Re8 23. c3 Rb8 24. cxb4 Rxb4 25. Nc6+ 1-0

[Event "Mechanics' Peter Grey TNM; G/2 d5"]
[Site "San Francisco"]
[Date "2017.09.12"]
[Round "6.43"]
[White "Olson, David R"]
[Black "Cowgill, Jackie"]
[Result "1/2-1/2"]
[WhiteElo "1400"]
[BlackElo "925"]
[PlyCount "79"]
[EventDate "2017.??.??"]

1. e4 e5 2. Nf3 Nc6 3. d4 exd4 4. Nxd4 Nf6 5. e5 $2 Nxe5 6. Bf4 Nc6 7. Nb5 d6
8. Be2 Be7 9. O-O O-O 10. Nd2 a6 11. Nc3 Be6 12. Re1 b5 13. Bf3 Qd7 14. h3 Rab8
15. Nce4 Rbd8 16. Ng5 Nd4 17. c3 Nxf3+ 18. Ndxf3 h6 19. Nxe6 fxe6 20. Qe2 e5
21. Bh2 Rfe8 22. Rad1 Qc6 23. Rd3 e4 24. Nd4 Qc4 25. Re3 Qd5 26. f4 c5 27. Nb3
Qa8 28. g4 d5 29. g5 d4 30. cxd4 cxd4 31. Nxd4 Nd5 32. Rg3 Nxf4 33. Qxe4 Bxg5
34. Qxa8 Rxa8 35. Rxe8+ Rxe8 36. Rg4 Ne2+ 37. Nxe2 Rxe2 38. Rg2 Rxg2+ 39. Kxg2
Bf6 40. b3 1/2-1/2

[Event "Mechanics' Fall TNM; G/2 d5"]
[Site "San Francisco"]
[Date "2017.11.21"]
[Round "5.43"]
[White "Olson, David R"]
[Black "Shinejil, Maximus"]
[Result "0-1"]
[WhiteElo "1400"]
[BlackElo "931"]
[PlyCount "46"]
[EventDate "2017.??.??"]

1. Nf3 Nc6 2. d4 f6 3. d5 Ne5 4. c3 Nxf3+ 5. exf3 c6 6. Bc4 cxd5 7. Bxd5 e5 8.
Bxg8 Rxg8 9. O-O d5 10. Re1 Bc5 11. Nd2 Qb6 12. Qe2 h5 13. f4 e4 14. Nxe4 Bg4
15. Nxf6+ Kf8 16. Qe8+ $4 (16. Nxg4) 16... Rxe8 17. Rxe8+ Kf7 18. Rxg8 Kxf6 19.
h3 Bxf2+ 20. Kh1 Qe6 $1 21. Rf8+ Ke7 22. Bd2 Kxf8 23. hxg4 Qxg4 0-1

[Event "Mechanics' Fall TNM; G/2 d5"]
[Site "San Francisco"]
[Date "2017.10.24"]
[Round "1.24"]
[White "Olson, David R"]
[Black "Yanofsky, Kevin"]
[Result "0-1"]
[WhiteElo "1400"]
[BlackElo "1864"]
[PlyCount "54"]
[EventDate "2017.??.??"]

1. e4 c5 2. Nf3 g6 3. Bc4 Bg7 4. O-O Nc6 5. c3 e6 6. d4 cxd4 7. cxd4 d5 8. exd5
exd5 9. Re1+ Nge7 10. Be2 O-O 11. Na3 Nf5 12. Nc2 Qb6 13. Be3 Qxb2 14. a3 Qb6
15. Rb1 Qc7 16. Qd2 Qa5 17. Qd3 Nxe3 18. fxe3 Bf5 19. Qb3 Bxc2 20. Qxc2 Qxa3
21. Rxb7 Qxe3+ 22. Kf1 Nxd4 23. Qc5 Rac8 24. Qxa7 Rc1 25. Rb2 Re8 26. Rd2 Rxe1+
27. Kxe1 Nxf3+ 0-1

[Event "Mechanics' Fall TNM; G/2 d5"]
[Site "San Francisco"]
[Date "2017.11.07"]
[Round "3.42"]
[White "Orgilmunkh II, Tselmeg"]
[Black "Giridharan, Durgashankar"]
[Result "0-1"]
[WhiteElo "442"]
[BlackElo "1484"]
[PlyCount "56"]
[EventDate "2017.??.??"]

1. e4 c5 2. Nf3 Nc6 3. Nc3 Nf6 4. Bc4 e6 5. d3 d5 6. Bb5 a6 7. Bxc6+ bxc6 8.
Bf4 Be7 9. O-O O-O 10. Re1 Nh5 11. Bg5 Bxg5 12. Nxg5 Qxg5 13. Re3 d4 14. Rh3
Nf4 15. Rg3 Qf6 16. Rf3 e5 17. Ne2 Bg4 18. Rg3 Nxe2+ 19. Kh1 Nxg3+ 20. Kg1 Bxd1
21. Rxd1 Ne2+ 22. Kh1 Qxf2 23. h3 Nf4 24. Rg1 f5 25. Kh2 Rf6 26. c4 Rg6 27. Kh1
Ne2 28. Re1 Qxg2# 0-1

[Event "Mechanics' Fall TNM; G/2 d5"]
[Site "San Francisco"]
[Date "2017.12.05"]
[Round "7.52"]
[White "Orgilmunkh II, Tselmeg"]
[Black "Revi, Frank"]
[Result "0-1"]
[WhiteElo "442"]
[BlackElo "1232"]
[PlyCount "84"]
[EventDate "2017.??.??"]

1. e4 c5 2. d4 cxd4 3. c3 Nc6 4. cxd4 e6 5. d5 exd5 6. exd5 Bb4+ 7. Nc3 Ne5 8.
Bf4 Qe7 9. Bxe5 Qxe5+ 10. Qe2 Qxe2+ 11. Ngxe2 Nf6 12. a3 Ba5 13. b4 Bc7 14. g3
O-O 15. Nd4 Be5 16. Nde2 Nxd5 17. Rc1 Nf6 18. Bh3 Re8 19. O-O a6 20. b5 b6 21.
bxa6 Bxa6 22. Nb1 Bxe2 23. Rfe1 Bb5 24. Re3 Nd5 25. Ree1 h6 26. f4 Bd4+ 27. Kh1
Ne3 28. Rg1 Nc4 29. Bg2 Ra7 30. Rge1 Rxe1+ 31. Rxe1 Nxa3 32. Nxa3 Rxa3 33. Bh3
d6 34. Bf5 Bc6+ 35. Be4 d5 36. Bb1 Bc3 37. Re3 d4+ 38. Kg1 dxe3 39. Kf1 Bb5+
40. Kg2 e2 41. Kf3 e1=Q 42. Bf5 Qe2# 0-1

[Event "Mechanics' Fall TNM; G/2 d5"]
[Site "San Francisco"]
[Date "2017.11.28"]
[Round "6.47"]
[White "Orgilmunkh II, Tselmeg"]
[Black "Rushton, Peter"]
[Result "0-1"]
[WhiteElo "442"]
[BlackElo "1629"]
[Annotator "Donaldson"]
[PlyCount "85"]
[EventDate "2017.??.??"]

1. e4 e5 2. Nf3 Nc6 3. Nc3 Nf6 4. Bb5 Bc5 5. d3 Ng4 6. Bg5 Bxf2+ 7. Ke2 Nd4+ 8.
Kf1 f6 9. Bc1 Be3 10. Qe1 Nxc2 11. Qh4 Bxc1 12. Rxc1 Nce3+ 13. Kg1 a6 14. Bc4
d6 15. Qh5+ g6 16. Qh4 c6 17. h3 Qb6 18. Na4 Qa7 19. Qe1 Nc2+ 20. Kf1 Nxe1 21.
hxg4 Nxf3 22. gxf3 b5 23. Bd5 cxd5 24. Nc3 dxe4 25. Nd5 O-O 26. Rc7 Qb8 27.
Ne7+ Kg7 $4 (27... Kf7) 28. Nf5+ Kg8 29. Ne7+ (29. Rg7+) 29... Kf7 30. Nd5+ Ke8
31. Re7+ Kd8 32. Rhxh7 Re8 33. Ref7 Be6 34. Rb7 Qc8 35. Nb6 Qc1+ 36. Kf2 Qd2+
37. Kg3 Qf4+ 38. Kf2 Bxg4 39. Nxa8 Qxf3+ 40. Kg1 Qe3+ 41. Kf1 Qxd3+ 42. Kg1
Qe3+ 43. Kf1 0-1

[Event "Mechanics' Summer TNM; G/2 d5"]
[Site "San Francisco"]
[Date "2017.07.11"]
[Round "7.34"]
[White "Otterbach, Renate"]
[Black "Agdamag, Samuel Za"]
[Result "1/2-1/2"]
[WhiteElo "1142"]
[BlackElo "1522"]
[PlyCount "88"]
[EventDate "2017.??.??"]

1. d4 Nf6 2. Nf3 d6 3. c3 g6 4. Bf4 Bg7 5. e3 h6 6. h3 Nbd7 7. Bc4 O-O 8. Qc2
Nb6 9. Bb3 Bf5 10. Qc1 c5 11. Nbd2 cxd4 12. exd4 Nbd5 13. Bh2 Rc8 14. Nc4 b5
15. Ne3 Nb4 16. O-O Be4 17. Qd1 Nd3 18. Nd2 Nxb2 19. Qe2 Bd3 20. Qf3 Bxf1 21.
Ndxf1 Rxc3 22. Qg3 Kh7 23. Qh4 a5 24. Bc2 Nc4 25. Rc1 b4 26. Nxc4 Rxc2 27. Rxc2
g5 28. Qg3 Ne4 29. Qd3 f5 30. f3 d5 31. Nb2 Nd6 32. Be5 Qb6 33. Na4 Qa7 34.
Bxg7 Kxg7 35. Nc5 Rf6 36. Ng3 Kg6 37. Re2 Qc7 38. Nf1 Nc4 39. g4 Nd6 40. Ne3 e6
41. Kf2 Nc4 42. gxf5+ exf5 43. Nxd5 Qh2+ 44. Kf1 Qh1+ 1/2-1/2

[Event "Mechanics' Peter Grey TNM; G/2 d5"]
[Site "San Francisco"]
[Date "2017.08.08"]
[Round "1.27"]
[White "Otterbach, Renate"]
[Black "Babayan, Gagik"]
[Result "0-1"]
[WhiteElo "1264"]
[BlackElo "1813"]
[PlyCount "61"]
[EventDate "2017.??.??"]

1. d4 d5 2. Bf4 Nf6 3. e3 e6 4. Nf3 Be7 5. Bd3 b6 6. Nbd2 Bb7 7. Ne5 Nbd7 8.
Ndf3 h6 9. c3 a6 10. a4 c5 11. b3 g5 12. Nxd7 Nxd7 13. Bg3 h5 14. h4 g4 15. Nd2
f5 16. f3 O-O 17. fxg4 fxg4 18. Qe2 Nf6 19. O-O-O Ne4 20. Nxe4 dxe4 21. Bc4 Bd5
22. Bf4 b5 23. Bxd5 Qxd5 24. a5 Qxb3 25. Qb2 Qc4 26. Qc2 cxd4 27. Rxd4 Qc6 28.
Kb2 Rac8 29. Rc1 Bxh4 30. Qxe4 Qxe4 31. Rxe4 {
Remaining moves unavailable, Black later won.} 0-1

[Event "Mechanics' Spring TNM; G/2"]
[Site "San Francisco"]
[Date "2017.03.14"]
[Round "1.30"]
[White "Otterbach, Renate"]
[Black "Babayan, Gagik"]
[Result "0-1"]
[WhiteElo "1034"]
[BlackElo "1806"]
[PlyCount "42"]
[EventDate "2017.??.??"]

1. d4 Nf6 2. Nf3 d5 3. Bf4 e6 4. e3 Be7 5. Bd3 O-O 6. Nbd2 b6 7. Ne5 Bb7 8. c3
c5 9. h4 Nbd7 10. Qf3 cxd4 11. cxd4 Bb4 12. Rd1 Nxe5 13. Bxe5 Ne4 14. Bxe4 dxe4
15. Qg3 f6 16. Bf4 Ba6 17. a3 Bxd2+ 18. Rxd2 Rc8 19. Rd1 Rc2 20. Bh6 Re2+ 21.
Kf1 Rxe3+ 0-1